=LDR 00000nam 2200000 4500 =001 INLIS000000000035346 =005 20130612141218 =008 ***********************************ind** =035 ##$$0010-061300000035346 =041 ##$$a ind =082 ##$$a 705 =090 ##$$a 705, Jur j =245 ##$$a Jurnal Ilmu seni dan desain ultimart : Vol 11 No 2 November 2009 =260 ##$$a [20?...] $b Tanggerang =300 ##$$a 121 Hlm, Ilus, 24 Cm =650 ##$$a Kesenian-Majalah =850 ##$$a NBPNMAT